L'Égypte de A à Z - Statistiques

Statistiques générales
  • Ce quiz a été pris 236 fois
  • Le résultat moyen est 18 sur 24
Statistiques - réponses
Lettre Indice Réponse % Correct
A Deuxième ville du pays, ancienne capitale, célèbre pour sa bibliothèque et son phare antiques Alexandrie
97%
C Reine d'Égypte, dernière pharaon avec son fils, elle sera la compagne de Jules César puis de Marc Antoine avant d'être vaincue par Auguste Cléopâtre VII
97%
D Cousin du chameau Dromadaire
95%
H Système d'écriture figurative utilisé durant l'Égypte antique Hiéroglyphes
93%
N Plus grand fleuve d'Afrique, se jetant dans la mer Méditerranée Nil
93%
L Capitale de l'Égypte Le Caire
92%
M Cadavre préservé de la putréfaction entouré de bandages et placé dans un sarcophage Momie
91%
P Plante ayant donné son nom au papier de l'Égypte antique Papyrus
91%
G Ville où sont situées les plus célèbres pyramides d'Égypte Gizeh
87%
Q Pays ayant soutenu financièrement Mohamed Morsi, ancien président du pays et vitrine politique des Frères Musulmans en Égypte Qatar
87%
R Pharaon égyptien connu pour son règne extrêmement long, ses nombreuses conquêtes et surtout les nombreux bâtiments qu'il a fait construire Ramsès II
87%
T La célébrité de ce pharaon est due à la fortune découverte dans sa sépulture ainsi qu'au mythe de la malédiction du pharaon Toutânkhamon
85%
I Déesse funéraire de la mythologie égyptienne, femme d'Osiris Isis
84%
K Pharaon dont le tombeau est la grande pyramide, l'une des 7 merveilles du monde antique Kheops
83%
O Série littéraire d'espionnage française adaptée au cinéma dont le premier film se déroule en Égypte. Jean Dujardin y incarne le personnage principal OSS 117
81%
Y Pays dans lequel s'est déroulé une guerre par procuration entre l'Égypte et l'Arabie Saoudite dans les années 1960 Yémen
81%
S Ville reliée à Port-Saïd via un canal portant son nom permettant de relier l'Europe à l'Asie sans avoir à contourner l'Afrique Suez
77%
U Dessinateur du sixième opus de la série de bandes dessinées Astérix, se déroulant en Égypte, étant plus tard adapté au cinéma par Alain Chabat Albert Uderzo
67%
V Région d'Égypte non loin de Louxor abritant de nombreux tombeaux de pharaons {Vallée} {des} {Rois}
58%
B Double édifice à Assouan fondé notamment par Nasser, ce dernier ayant donné son nom à un lac en découlant Barrage
50%
X Fils de Darius Ier, il est l'un des grands rois perses à avoir été pharaon d'Égypte Xerxès Ier
48%
E Religieuse franco-belge surnommée "petite sœur des pauvres", elle est connue pour ses œuvres en Égypte auprès des enfants et des plus démunis Sœur Emmanuelle
42%
F Bateau à voile traditionnel utilisé pour se déplacer dans des eaux calmes Felouque
25%
J Chercheur en égyptologie français célèbre pour ses nombreux romans sur l'Égypte antique Christian Jacq
24%
Aucun quiz correspondant
Distribution des résultats
% des personnes avec chaque résultat
Percentile par nombre de réponses
Votre historique - résultats
Vous n’avez pas pris ce quiz